zpět

Detail výsledku týmu

Burger & Beer Brothers, Olomouc

Datum a čas kvízu

15.5 Celkem bodů Celkový počet nahraných bodů na tomto kvízu bez doplňovacích otázek.
5. Pořadí na kvízu Konečné umístění týmu na tomto kvízu.

Zaznamenané odpovědi

# Otázka Odpověď Body Výsledky
1. Česká advokátní komora uložila... 0
2. Její královská Výsost vévodkyn... 0
3. Ve zlínském obchodním a zábavn... 0
5. Němečtí fotbalisté Mesut Özil... 1
6. Dědictví aneb Kurvahošigutntag... 1
7. V Brně na ulici Česká se natáč... 0
8. Kterou značku cigaret má Bohuš... 1
9. "Však je to sladké jak ___ ___... 1
10. Pták, kterého Bohuš koupil Ire... 1
11. Koordinovaný světový čas je oz... 0